Creepy crawlies

Bibliographic Details
Main Author: Stidworthy, John
Corporate Authors: Title, Posen, Micheal
Format: Book
Published: England : Parragon Publishing , 2003
Subjects:

MARC

LEADER 00000cam a2200000 7i4500
001 0000007674
005 20151222.0
008 070905
020 |a 0752543164 
090 0 0 |a ANM   |b ENG 
100 1 |a Stidworthy, John 
245 1 0 |a Creepy crawlies   |c Joyce Pope; illustrated by Michael Posen 
260 |a England :   |b Parragon Publishing ,   |c 2003 
500 |a Children ages 10-12 years old (pink) 
650 0 |a Natural history   |x Juvenile literature 
710 0 |a Title 
710 1 |a Posen, Micheal 
999 |a 0000990736   |b Book   |c Children Collection   |e Perbadanan Perpustakaan Awam Johor